000 00490nam a2200145Ia 4500
008 100204s9999 xx 000 0 und d
082 _b9904
100 _aधोंड मधुकर वासुदेव
245 _aचंद्र्रचवथीचा
260 _b"मौज प्रकाशन , मुंबई"
_c1987
300 _a115
630 _aचंद्र्रचवथीचा
730 _aचंद्र्रचवथीचा
942 _cBOOK
999 _c454340
_d454337